Justo entonces / (Registro nro. 223)
[ vista simple ]
| 000 -LEADER | |
|---|---|
| fixed length control field | 01974nam a22001937a 4500 |
| 003 - CONTROL NUMBER IDENTIFIER | |
| control field | OSt |
| 005 - DATE AND TIME OF LATEST TRANSACTION | |
| control field | 20240506095749.0 |
| 008 - FIXED-LENGTH DATA ELEMENTS--GENERAL INFORMATION | |
| fixed length control field | 240408s2014 ag ||||| |||| 00| 1 spa d |
| 020 ## - INTERNATIONAL STANDARD BOOK NUMBER | |
| International Standard Book Number | 9789508453037 |
| 040 ## - CATALOGING SOURCE | |
| Transcribing agency | besoc |
| 100 1# - MAIN ENTRY--PERSONAL NAME | |
| Personal name | Iglesia, Cristina |
| Dates associated with a name | 1944- |
| Relator term | autor |
| 245 10 - TITLE STATEMENT | |
| Title | Justo entonces / |
| Statement of responsibility, etc. | Cristina Iglesia |
| 260 ## - PUBLICATION, DISTRIBUTION, ETC. | |
| Place of publication, distribution, etc. | Rosario : |
| Name of publisher, distributor, etc. | Beatriz Viterbo : |
| -- | UNR, |
| Date of publication, distribution, etc. | 2014 |
| 300 ## - PHYSICAL DESCRIPTION | |
| Extent | 90 p. |
| 505 0# - FORMATTED CONTENTS NOTE | |
| Formatted contents note | Arabescos -- Cornerstones -- En cuclillas -- Mid City -- Justo entonces -- Baffa's -- Barco naranjero -- Andando -- Transparencias -- Café Rybka -- Mingau de Carimá -- El Español -- Música lenta -- Arcoíris --Enero -- Como antes, ahora -- Aldeas -- Balvanera -- Luces de tormenta -- Sommerbrize -- Gaviotas.- |
| 520 ## - SUMMARY, ETC. | |
| Summary, etc. | "Soy feliz de una manera extraña, material, como si no pudiera dejar de serlo y nada más en el mundo interviniera: solo lluvia, el ventanal y el teclado sabido y también misterioso porque no hay plan, no hay urgencia, solo la sensación de estar allí, a oscuras, escribiendo que las gaviotas sobrevolaron por primera vez en la terraza de mi casa romana un día de mayo en formación imprecisa y vacilante creando un circulo blanco sobre azul todavía pálido de la mañana; que las vi de nuevo por la noche, iluminadas por el resplandor intenso de la fontana produciendo un espectáculo de brillo enloquecido que parecía solo dirigido a mí; que traté de adivinar con cuánta regularidad armarían esa suerte de juego de luz con forma de gaviotas; que decidí no medir esas frecuencias y encontrarme con ellas cuando menos lo esperara; que no hubo otras veces, que nunca repitieron el arco prodigioso, que no volví a pensar en ellas hasta el momento justo en que decidí transformarlas en palabras mientras la lluvia golpea la ventana escondida en Balvanera y la convierte en abrigo seguro frente al mundo y en promesa fluida de escritura" [Nota del editor] |
| 650 #4 - SUBJECT ADDED ENTRY--TOPICAL TERM | |
| Topical term or geographic name entry element | Literatura argentina |
| Form subdivision | Relatos |
| Chronological subdivision | Siglo XXI |
| 942 ## - ADDED ENTRY ELEMENTS (KOHA) | |
| Source of classification or shelving scheme | Universal Decimal Classification |
| Koha item type | Obra General |
| Suppress in OPAC | No |
| Withdrawn status | Lost status | Source of classification or shelving scheme | Damaged status | Not for loan | Collection | Home library | Current library | Date acquired | Total checkouts | Full call number | Barcode | Date last seen | Price effective from | Koha item type |
|---|---|---|---|---|---|---|---|---|---|---|---|---|---|---|
| Universal Decimal Classification | Colección General | Biblioteca Escuela de Ciencias Sociales | Biblioteca Escuela de Ciencias Sociales | 06/05/2024 | 82-34(822.2) IG24 | 000536 | 06/05/2024 | 06/05/2024 | Obra General |